000 01601nam a22004097a 4500
003 CHAP
005 20220329134337.0
008 971013s1979 r 00010 d
010 _a19064
011 _a20036
035 _a24123
040 _cCHAP
082 _a581.13342
_bA5Y
100 0 0 _aAllamong, Betty D.
_94360
245 _aEnergía de los procesos biológicos; fotosíntesis y respiración
260 _aMéxico, D.F., :
_bLUMUSA,
_c1979
300 _a236 p.
_b: ilus. ; gráfs
490 _aInstrucción programada
590 _aBATCH-UPD
_b10
_c20130110
_lUCH01
_h0129
590 _aBATCH-UPD
_b10
_c20130110
_lUCH01
_h1103
590 _aBATCH-UPD
_b10
_c20130410
_lUCH01
_h0656
590 _aBATCH-UPD
_b10
_c20130914
_lUCH01
_h1433
590 _aCONVERSION
_b10
_c20130109
_lUCH01
_h1312
650 1 4 _aFotosíntesis.
_942737
650 1 4 _aLuz
_xEfecto en plantas.
_969241
650 1 4 _aPlantas
_xRespiración.
_988889
700 0 _aMertens, Thomas R.
_975039
830 _aInstrucción programada
_959482
901 _aBK
942 _cLIBRO
949 _a581.13342 A5Y
_bBC
_cLIBRO
_d33724000512786
_eLIBRO
_fc.5
_h64818
_i24123
_si
_t875.00
949 _a581.13342 A5Y
_bBC
_cLIBRO
_d33724000512794
_eLIBRO
_h60307
_i24123
_si
949 _a581.13342 A5Y
_bBC
_cLIBRO
_d33724000512851
_eLIBRO
_fc.4
_h64817
_i24123
_si
_t875.00
949 _a581.13342 A5Y
_bBC
_cLIBRO
_d33724000512901
_eLIBRO
_fc.6
_gI.c/e
_h77716
_i24123
_si
949 _a581.13342 A5Y
_bBC
_cLIBRO
_d33724000630240
_eLIBRO
_fc.7
_gI. c/e
_h91527
_i24123
_si
_t36.00
949 _a581.13342 A5Y
_bBC
_cLIBRO
_d33724000683389
_eLIBRO
_fc.2
_h62501
_i24123
_si
999 _c19064
_d19064